Human resource management : (Record no. 209014)
[ view plain ]
| 000 -LEADER | |
|---|---|
| fixed length control field | 00657nam a2200205Ia 4500 |
| 005 - DATE AND TIME OF LATEST TRANSACTION | |
| control field | 20260202141859.0 |
| 008 - FIXED-LENGTH DATA ELEMENTS--GENERAL INFORMATION | |
| fixed length control field | 210716s9999 xx 000 0 und d |
| 040 ## - CATALOGING SOURCE | |
| Transcribing agency | AIMIT LIBRARY |
| 041 ## - LANGUAGE CODE | |
| Language code of text/sound track or separate title | eng |
| 082 ## - DEWEY DECIMAL CLASSIFICATION NUMBER | |
| Classification number | 658.3 |
| Edition number | 5 |
| Item number | CHHT |
| 100 ## - MAIN ENTRY--PERSONAL NAME | |
| Personal name | Chhabra, T N. |
| 9 (RLIN) | 19504 |
| 245 ## - TITLE STATEMENT | |
| Title | Human resource management : |
| Remainder of title | concepts and issues / |
| Statement of responsibility, etc. | By T N Chhabra. |
| 250 ## - EDITION STATEMENT | |
| Edition statement | 5th ed. |
| Remainder of edition statement | 5th Revised Edition |
| 260 ## - PUBLICATION, DISTRIBUTION, ETC. | |
| Place of publication, distribution, etc. | New Delhi : |
| Name of publisher, distributor, etc. | Dhanpat Rai and Co (P) Ltd , |
| Date of publication, distribution, etc. | 2014. |
| 300 ## - PHYSICAL DESCRIPTION | |
| Extent | xv, 824p ; |
| Dimensions | 23cm. |
| Other physical details | PB |
| 650 ## - SUBJECT ADDED ENTRY--TOPICAL TERM | |
| Topical term or geographic name entry element | Job analysis and design |
| 9 (RLIN) | 19505 |
| 650 ## - SUBJECT ADDED ENTRY--TOPICAL TERM | |
| Topical term or geographic name entry element | Compensation |
| 9 (RLIN) | 19506 |
| 650 ## - SUBJECT ADDED ENTRY--TOPICAL TERM | |
| Topical term or geographic name entry element | Appraisal and audit |
| 9 (RLIN) | 19507 |
| 942 ## - ADDED ENTRY ELEMENTS (KOHA) | |
| Source of classification or shelving scheme | Dewey Decimal Classification |
| Koha item type | Book |
| Edition | 5th |
| Call number prefix | 658.3 CHHT |
| Withdrawn status | Lost status | Source of classification or shelving scheme | Damaged status | Not for loan | Collection code | Home library | Current library | Date acquired | Cost, normal purchase price | Inventory number | Total Checkouts | Full call number | Barcode | Date last seen | Cost, replacement price | Price effective from | Koha item type | Source of acquisition |
|---|---|---|---|---|---|---|---|---|---|---|---|---|---|---|---|---|---|---|
| Dewey Decimal Classification | MBA | St Aloysius Institute of Management & Information Technology | St Aloysius Institute of Management & Information Technology | 03/11/2015 | 325.00 | Bill no:2219; Bill dt:2015-03-09 | 658.3 CHHT | MBA11580 | 05/23/2026 | 243.75 | 07/16/2021 | Book | ||||||
| Dewey Decimal Classification | MBA | St Aloysius Institute of Management & Information Technology | St Aloysius Institute of Management & Information Technology | 03/11/2015 | 325.00 | Bill no:2219; Bill dt:2015-03-09 | 658.3 CHHT | MBA11581 | 05/23/2026 | 243.75 | 07/16/2021 | Book | ||||||
| Dewey Decimal Classification | MCA | St Aloysius Institute of Management & Information Technology | St Aloysius Institute of Management & Information Technology | 07/16/2021 | 658.3 CHHT | MCA04770 | 07/21/2025 | 02/12/2022 | Donated Books | Dontaed |